000 01827nam0a2200361 4500
001 RU\NLR\b_ik\203796
005 20260406104434.0
010 _a978-5-9535-0370-9
_9150
021 _aRU
_b2013-57742
_93985
035 _a(NLR Aleph) 009999568
090 _a9784758
_c9784758
100 _a20130821d2013 |||y0rusy50 ca
101 0 _aeng
102 _aRU
105 _aa |||||||||
200 1 _aRussia: arms control, disarmament and international security
_eIMEMO supplement to the Russian edition of the SIPRI yearbook 2012
_fInst. of world economy a. intern. relations Russ. acad. of sciences (IMEMO RAN)
_ged. by Alexei Arbatov a. Alexandre Kaliadine
_gpref. by Alexander Dynkin
210 _aMoscow
_cIMEMO RAN
_d2013
215 _a198 c.
_cил.
_d24
320 _aБиблиогр. в подстроч. примеч.
541 0 _aРоссия: контроль вооружений, разоружение и международная безопасность
606 1 _aВооружение
_jСборники
_xКонтроль
_yРоссийская Федерация
_92221406
_3RU\NLR\AUTH\661333860
606 1 _aРазоружение
_jСборники
_yРоссийская Федерация
_92221410
_3RU\NLR\AUTH\661333861
607 _aРоссийская Федерация
_jСборники
_xВоенная политика
_92280270
_3RU\NLR\AUTH\661366221
686 1 _aЦ9(2Р)я43
686 1 _aЦ8(2Р)1я43
702 1 _4340
_8rus
_7ba
_aArbatov
_bA. G.
_f1951-
_gAleksej Georgievič
_3RU\NLR\auth\77101594
_984520
712 0 2 _4570
_8eng
_aInstitute of world economy and international relations
_cMoscow
_7ba
_3RU\NLR\AUTH\883074
_9277293
801 0 _aRU
_bNLR
_c20130821
_gRCR
801 1 _aRU
_bNLR
_c20130821
942 _cBOOK
980 _aNB